Drapeaux / Pays / Capitales (ONU) - Statistiques

Statistiques générales
  • Ce quiz a été pris 956 fois
  • Le résultat moyen est 239 sur 392
Statistiques - réponses
Drapeaux Pays % Correct
Afrique du Sud Afrique du Sud
96%
Allemagne Allemagne
95%
Algérie Algérie
94%
Albanie Albanie
93%
Argentine Argentine
93%
Berlin
93%
Alger
91%
Arabie saoudite Arabie Saoudite
91%
Australie Australie
90%
Belgique
90%
Brésil
88%
Bruxelles
87%
Andorre Andorre
86%
Autriche Autriche
86%
Canada
86%
Afghanistan Afghanistan
85%
Angola Angola
85%
Bangladesh
85%
Buenos Aires
85%
Chine
85%
Canberra
84%
Corée du Sud
84%
Espagne
84%
Brasilia
83%
Chypre
83%
États-Unis
83%
France
83%
Croatie
82%
Finlande
82%
Grèce
82%
Madrid
82%
Paris
82%
Vienne
82%
Arménie Arménie
81%
Bulgarie
81%
Corée du Nord
81%
Danemark
81%
Japon
81%
Washington
81%
Cambodge
80%
Chili
80%
Côte d'Ivoire
80%
Égypte
80%
Italie
80%
Cameroun
79%
Estonie
79%
Géorgie
79%
Inde
79%
Irlande
79%
Ottawa
79%
Pékin
79%
Séoul
79%
Tokyo
79%
Andorre-la-Vieille
78%
Azerbaïdjan Azerbaïdjan
78%
Bahreïn
78%
Biélorussie
78%
Bosnie-Herzégovine
78%
Colombie
78%
Cuba
78%
Israël
78%
Jamaïque
78%
Maroc
78%
Rome
78%
Athènes
77%
Équateur
77%
Iran
77%
Islande
77%
Liban
77%
Barbade
76%
Bhoutan
76%
Le Caire
76%
Macédoine du Nord
76%
Mexique
76%
Portugal
76%
Hongrie
75%
Indonésie
75%
Irak
75%
Royaume-Uni
75%
Suisse
75%
Ukraine
75%
Congo (Rép. dém.)
74%
Dublin
74%
Émirats Arabes Unis
74%
Helsinki
74%
Luxembourg
74%
Norvège
74%
Nouvelle-Zélande
74%
Pays-Bas
74%
Russie
74%
Suède
74%
Tunisie
74%
Turquie
74%
Bahamas Bahamas
73%
Copenhague
73%
Éthiopie
73%
Ghana
73%
Kenya
73%
Londres
73%
Malte
73%
Népal
73%
New Delhi
73%
Pologne
73%
Roumanie
73%
Antigua-et-Barbuda Antigua-et-Barbuda
72%
Bénin
72%
Fidji
72%
Kazakhstan
72%
Kosovo
72%
Lisbonne
72%
Luxembourg
72%
Mexico
72%
Monaco
72%
Qatar
72%
Zagreb
72%
Belize
71%
Birmanie
71%
Budapest
71%
Honduras
71%
Jérusalem
71%
Kiev
71%
Lettonie
71%
Moscou
71%
Nigeria
71%
Pakistan
71%
Sofia
71%
Uruguay
71%
Vatican
71%
Venezuela
71%
Viêt Nam
71%
Burkina Faso
70%
Comores
70%
Gabon
70%
Jordanie
70%
Laos
70%
Lituanie
70%
Malaisie
70%
Moldavie
70%
République Dominicaine
70%
Slovaquie
70%
Tchéquie
70%
Tirana
70%
Amsterdam
69%
Berne
69%
Costa Rica
69%
Eswatini
69%
Haïti
69%
Monaco
69%
Panama
69%
Sénégal
69%
Serbie
69%
Slovénie
69%
Cap-Vert
68%
Congo
68%
Guatemala
68%
Guinée
68%
Liechtenstein
68%
Mali
68%
Oslo
68%
Pérou
68%
Pyongyang
68%
Rabat
68%
République centrafricaine
68%
Riyad
68%
Saint-Marin
68%
Thaïlande
68%
Botswana
67%
Brunei
67%
Madagascar
67%
Mauritanie
67%
Minsk
67%
Niger
67%
Pretoria
67%
Sri Lanka
67%
Tunis
67%
Varsovie
67%
Bolivie
66%
Burundi
66%
Djibouti
66%
Kaboul
66%
Koweït
66%
La Havane
66%
Libye
66%
Mongolie
66%
Monténégro
66%
Reykjavik
66%
Sarajevo
66%
Stockholm
66%
Vatican
66%
Ankara
65%
Bogota
65%
Érythrée
65%
Liberia
65%
Ouganda
65%
Ouzbékistan
65%
Santiago
65%
Singapour
65%
Somalie
65%
Bucarest
64%
Guinée-Bissau
64%
Kirghizistan
64%
Maldives
64%
Nicaragua
64%
Philippines
64%
Seychelles
64%
Syrie
64%
Tallinn
64%
Tchad
64%
Zambie
64%
Zimbabwe
64%
Gambie
63%
Grenade
63%
Jakarta
63%
Kiribati
63%
Palaos
63%
Soudan
63%
Turkménistan
63%
Yémen
63%
Beyrouth
62%
Dominique
62%
Guinée Équatoriale
62%
Lesotho
62%
Malawi
62%
Mozambique
62%
Nicosie
62%
Papouasie-Nouvelle-Guinée
62%
Paraguay
62%
Prague
62%
Téhéran
62%
Kinshassa
61%
La Valette
61%
Tanzanie
61%
Lima
60%
Micronésie
60%
Oman
60%
Sainte-Lucie
60%
Saint-Marin
60%
Suriname
60%
Taïwan
60%
Abou Dabi
59%
Bakou
59%
Maurice
59%
Riga
59%
Rwanda
59%
Salvador
59%
Singapour
59%
Soudan du Sud
59%
Togo
59%
Tonga
59%
Bagdad
58%
Guyana
58%
Panama
58%
Tadjikistan
58%
Trinité-et-Tobago
58%
Vilnius
58%
Bangkok
57%
Djibouti
57%
Doha
57%
Erevan
57%
Namibie
57%
Nauru
57%
Quito
57%
Tuvalu
57%
Brazzaville
56%
Vaduz
56%
Vanuatu
56%
Wellington
56%
Belgrade
55%
Bratislava
55%
Dakar
55%
Îles Marshall
55%
Kingston
55%
Ljubljana
55%
Montevideo
55%
Saint-Vincent-et-les-Grenadines
55%
Samoa
55%
Yaoundé
55%
Dacca
54%
Nairobi
54%
Sierra Leone
54%
Sucre
54%
Koweït
53%
Saint-Christophe-et-Niévès
53%
Guatemala
52%
Oulan-Bator
52%
Skopje
52%
Chișinău
51%
Hanoï
51%
Tbilissi
51%
Timor Oriental
51%
Bamako
50%
Kuala Lumpur
50%
Manille
50%
Ouagadougou
50%
Phnom Penh
50%
Pristina
50%
Sao Tomé-et-Principe
50%
Caracas
49%
Îles Salomon
49%
Islamabad
49%
Port-au-Prince
49%
Tripoli
48%
Addis-Abeba
47%
Antananarivo
47%
Bissau
47%
Damas
47%
Libreville
47%
Luanda
47%
Noursoultan
47%
Yamoussoukro
47%
Podgorica
46%
Taipei
46%
Katmandou
45%
Saint-Domingue
45%
Nassau
43%
Amman
42%
Asuncion
42%
Belmopan
42%
Manama
42%
San José
42%
Conakry
41%
San Salvador
41%
Tegucigalpa
41%
Accra
40%
Vientiane
40%
Porto-Novo
39%
Thimphou
39%
Khartoum
38%
Sanaa
38%
Sao Tomé
38%
Bridgetown
37%
Malé
37%
Naypyidaw
37%
Abuja
36%
Bandar Seri Begawan
36%
Freetown
36%
Georgetown
36%
Asmara
35%
Bichkek
35%
Lomé
35%
Managua
35%
Niamey
35%
Nouakchott
35%
Paramaribo
35%
Praia
35%
Roseau
35%
Saint John’s
35%
Victoria
35%
Bangui
34%
Gaborone
34%
Mascate
34%
Sri Jayawardenapura
34%
Tachkent
34%
Harare
33%
Mogadiscio
33%
Moroni
33%
Port-Louis
33%
Saint-Georges
33%
Windhoek
33%
Banjul
32%
Kigali
32%
Mbabane
32%
N’Djaména
32%
Port-d’Espagne
32%
Achgabat
31%
Dili
31%
Douchanbé
31%
Maputo
31%
Suva
31%
Castries
30%
Gitega
30%
Monrovia
30%
Port Moresby
30%
Djouba
29%
Dodoma
29%
Kampala
29%
Kingstown
29%
Lilongwe
29%
Lusaka
29%
Basseterre
28%
Malabo
28%
Maseru
27%
Apia
25%
Port-Vila
25%
Tarawa-Sud
24%
Yaren
24%
Funafuti
23%
Ngerulmud
22%
Nukuʻalofa
22%
Palikir
22%
Honiara
21%
Majuro
21%
Aucun quiz correspondant
Distribution des résultats
% des personnes avec chaque résultat
Percentile par nombre de réponses
Votre historique - résultats
Vous n’avez pas pris ce quiz